| 000 | 00409nam a22001577a 4500 | ||
|---|---|---|---|
| 999 |
_c27696 _d27696 |
||
| 008 | 250226b ||||| |||| 00| 0 eng d | ||
| 020 | _a0-7515-3614-8 | ||
| 041 | 0 | _aeng | |
| 082 | 0 | 0 |
_a813.6 _bA339 |
| 100 |
_95663 _aAlbom, Mitch |
||
| 245 | 1 | 0 |
_aThe five people you meet in heaven / _cby Mitch Albom |
| 260 |
_aLondon : _bTime warner, _c2005. |
||
| 300 | _a231p. | ||
| 650 | 0 | _aEnglish fiction | |
| 942 | _cBK | ||